Информационная безопасность компьютерных сетей

গ্রন্থ-পঞ্জীর বিবরন
ভাষা:রুশ
প্রকাশিত: Москва, [Б. и.], 1993
মালা:Технологии электронных коммуникаций Т. 45
বিষয়গুলি:
বিন্যাস: গ্রন্থ
KOHA link:https://koha.lib.tpu.ru/cgi-bin/koha/opac-detail.pl?biblionumber=64212

MARC

LEADER 00000nam0a2200000 4500
001 64212
005 20231031065445.0
035 |a (RuTPU)RU\TPU\book\68149 
090 |a 64212 
100 |a 20040527d1993 k y0rusy50 ca 
101 0 |a rus 
102 |a RU 
105 |a y z 000zy 
200 1 |a Информационная безопасность компьютерных сетей 
210 |a Москва  |c [Б. и.]  |d 1993 
215 |a 121 с. 
225 1 |a Технологии электронных коммуникаций  |v Т. 45 
610 1 |a программирование 
610 1 |a компьютерные сети 
610 1 |a информационная безопасность 
610 1 |a криптографическая защита 
610 1 |a стандартизация 
610 1 |a информация 
610 1 |a защита 
675 |a 681.324  |v 3 
801 1 |a RU  |b 63413507  |c 20040527  |g PSBO 
801 2 |a RU  |b 63413507  |c 20051114  |g PSBO 
942 |c BK